| 000 | 00498nam a2200169 a 4500 | ||
|---|---|---|---|
| 001 | 0137 | ||
| 005 | 20140414132040.0 | ||
| 008 | 040803s19uu xx 00 eng d | ||
| 020 | _a0-201-19322-1 | ||
| 050 |
_aBB _bG56 1989 |
||
| 245 |
_aGoldilocks and the three bears, level A / _cillustrator Karen Schmidt. |
||
| 260 |
_aMassachusettes : _bAddison-Wesley Publishing, _c1989. |
||
| 300 | _a16 p. : ill. ; cm. | ||
| 440 | _aAddison-Wesley Series | ||
| 650 | _aChildren stories. | ||
| 999 |
_c113840 _d113840 |
||